| 000 | 01056cam a2200289 4500 | ||
|---|---|---|---|
| 002 | 5715 | ||
| 008 | 090401t1996 xxu||||| |||| 00| 0 eng d | ||
| 020 | _a063203419X | ||
| 035 | _a(Sirsi) u18607 | ||
| 041 | _aeng | ||
| 050 | _a658.202 | ||
| 100 | _aChanter, Barrie | ||
| 245 | _aBuilding maintenance management. | ||
| 260 |
_aOxford _bBlackwell Science _c1996 |
||
| 300 | _avii,325p. ; 25cm. | ||
| 350 | _a35 | ||
| 520 | _aExplores the importance of building maintenance and the changes brought about by the introduction of information technology. With reference to facilities management throughout, this work also includes chapters on maintenance planning and maintenance contracts. | ||
| 650 | _aBUILT ENVIRONMENT-BUILDING MAINTENANCE AND REFURBISHMENT | ||
| 650 |
_aFACILITIES MANAGEMENT _96240 |
||
| 650 | _aMAINTENANCE CONTRACTS | ||
| 650 | _aMAINTENANCE PLANNING | ||
| 650 | _aPLANNED MAINTENANCE | ||
| 690 | _aBUILDING AND CONSTRUCTION-REPAIRS AND MAINTENANCE | ||
| 700 | _aSwallow, Peter | ||
| 942 | _n0 | ||
| 948 | _c04/03/1997 | ||
| 999 |
_c87606 _d87606 |
||